[Event "Biel GM 43rd"]
[Site "Biel"]
[Date "2010.07.19"]
[Round "1"]
[White "Vachier Lagrave, Maxime"]
[Black "Caruana, Fabiano"]
[Result "1/2-1/2"]
[WhiteElo "2723"]
[BlackElo "2697"]
[Annotator "Caruana,F"]
[PlyCount "87"]
[EventDate "2010.07.19"]
[EventType "tourn"]
[EventRounds "9"]
[EventCountry "SUI"]
[EventCategory "17"]
[SourceTitle "CBM 138"]
[Source "ChessBase"]
[SourceDate "2010.09.17"]
[SourceVersion "1"]
[SourceVersionDate "2010.09.17"]
[SourceQuality "1"]

1. e4 e5 2. Nf3 Nc6 3. Bb5 a6 4. Bxc6 {Apparently, Maxime wasn't prepared for
a theoretical fight in the Arkhangelsk. I had expected he might play this. and
had prepared accordingly.} dxc6 5. O-O Qd6 {A novelty, at least from the point
of view of my games.} ({I played} 5... Bg4 {against Naiditsch.}) ({And} 5... f6
6. d4 Bg4 {, against Karjakin. Both lines lead to passive and slightly worse
positions for Black.}) ({Recently I tried an enterprising idea of Tkachiev:} 
5... Qf6 6. d4 exd4 7. Bg5 Qd6 8. Nxd4 Bd7 9. Nc3 Qg6 {, and made a draw
against Alekseev. However, the line looks too risky for Black.}) 6. Na3 Be6 ({
Another main line is} 6... b5) 7. Qe2 f6 8. Rd1 {This move promises White no
advantage. More dangerous is 8.Nc4.} (8. Nc4 Qd7 9. Rd1 c5 10. c3 b5 ({Black
should probably play} 10... Bg4 11. h3 Bxf3 12. Qxf3 Ne7 {, but White is
slightly better here.}) 11. Ncxe5 $1 fxe5 12. Nxe5 {This position looks really
dangerous for Black, although Tomashevsky managed to survive in the following
game.} Qc8 13. d4 Bd6 14. d5 Bxe5 15. Qh5+ Bf7 16. Qxe5+ Kf8 17. Be3 Nf6 18.
Bxc5+ Kg8 19. a4 bxa4 20. Rxa4 h5 21. f3 c6 22. Be7 Nd7 23. Qd4 cxd5 24. exd5
Rh6 25. c4 Rb8 26. Rb4 Rhb6 27. Rxb6 Nxb6 28. Bc5 Nd7 29. Be7 Nb6 30. Bc5 Nd7
31. Be7 Nb6 32. Bc5 {1/2-1/2 Volokitin,A (2681)-Tomashevsky,E (2688)/Ohrid
2009/CBM 133}) 8... Bg4 9. c3 ({Now} 9. Nc4 {is met by} Qe6 $1 {, which forces
White to play} 10. Ne3 Bh5 11. d4 O-O-O {, but here it is clear that White is
not better.}) (9. h3 Bh5 10. d4 O-O-O 11. Be3 Qe6 12. dxe5 Rxd1+ 13. Rxd1 Bxa3
14. bxa3 {was played in a recent high-level game, Hammer-Eljanov, Novi Sad
2009. Here, instead of 14...Ne7 like Eljanov played, Black is perfectly fine
after} fxe5 15. g4 Bg6 16. Ng5 Qe7 17. Qc4 Nf6 18. Bc5 Qe8) 9... Qe6 10. Nc2 {
Actually, I had briefly looked at this position before the game, and
remembered that Black is fine after castling queenside or 10...Bh5. But then I
realized that Black has an even simpler way which promises immediate equality.}
Bd6 11. Ne3 Bxf3 12. Qxf3 Ne7 {Black has given up the strong light-squared
bishop, but in return has developed perfectly. Now White is left with a weird
knight on e3, and no way forward. Even in the best case White can only have a
tiny advantage in this type of position, as I found out recently in a blitz
game against Sargissian; I thought my position was promising, but I couldn't
make any headway after he played c5. Here White can't even pretend he is
better.} 13. d4 {Starting from this moment, Maxime started to use a lot of
time. He probably just couldn't find any constructive ideas, but in the end he
almost lost because he was in such bad time trouble.} (13. d3 O-O 14. Bd2 {
is possible, but White can't make any progress. Black can just do something
like} a5 {, and ...a4.}) 13... O-O 14. Bd2 (14. d5 {gives nothing:} cxd5 15.
Nxd5 Nxd5 16. Rxd5 Rfd8 ({Black can also trade bishops with} 16... c6 17. Rd3
Bc5 18. Be3 Bxe3 19. Qxe3 Rfd8) 17. Be3 Be7 18. Rad1 c6 19. Rxd8+ Rxd8 20.
Rxd8+ Bxd8 {, and a draw will soon be agreed.}) 14... a5 $5 {I didn't see what
to do, so I played this space-gaining move, which probably doesn't have much
purpose.... but then again, what exactly is White's plan?} ({I wanted to avoid
} 14... f5 15. exf5 Nxf5 16. Qe4 {, which must be fine for Black, but if White
manages to get into an endgame, he might hope for a little something.}) (14...
Rad8 {is a perfectly fine and natural move.}) 15. dxe5 {Maxime decided to
initiate some play, but considering that he was already low on time, maybe he
should have waited.} Qxe5 16. g3 f5 17. exf5 Nxf5 18. Nxf5 Rxf5 19. Qd3 {
The position is about equal. If Maxime had more time, I would have just looked
for a clean way to force a draw. But since he was already in time trouble, I
decided to keep the tension and play for a win - objectively not a correct
decision, and rather risky, but it worked!} Raf8 ({Black could consider an
exchange sacrifice:} 19... Bc5 20. Bf4 (20. Be3 Bxe3 21. Qxe3 Qxe3 22. fxe3 Re8
$11) 20... Rxf4 21. gxf4 Qxf4 22. Qg3 Qf7 {, with pretty good compensation.})
20. Qc4+ Kh8 ({I could have gone for} 20... Qd5 21. Qxd5+ cxd5 22. f4 {, with
an equal endgame, although White is a bit more comfortable.}) 21. Re1 Qf6 ({
Again, I could have entered an equal ending:} 21... Qc5 22. Qxc5 Bxc5 23. Be3
Bxe3 24. fxe3 Kg8 $11) 22. f4 Rd5 23. Be3 h5 {So, I'm just slowly preparing
some kind of obtuse attack. Actually, my play is pretty dubious and now only
White can be better.} 24. Qe4 Qf7 25. c4 Rf5 26. Rad1 Re8 27. Qd3 Qg6 28. Kg2
h4 29. Bd2 Ref8 {Of course, I cannot afford to trade a pair of rooks. I was
actually pretty optimistic here, but that was probably due to the the clock,
rather than the position.} 30. Re4 $6 {An awkward move.} ({I would prefer to
just centralize the queen with} 30. Qe4) 30... Rh5 {Now Black has at least
created a threat, but with one accurate move White would defend without any
problems.} 31. Qe2 $2 (31. Qf3 hxg3 32. hxg3 Kg8 (32... Qh7 33. Qxh5 Qxh5 34.
Rh1 Qxh1+ 35. Kxh1 {is just better for White.}) 33. Rh1 {, and now White
easily defends, because the g3-pawn is defended. In fact, White is already
slightly and safely better.}) 31... hxg3 32. hxg3 Kg8 $1 {It is very dangerous
for White now, maybe even losing, and to top it off he was down to his last
minute. I thought I would win easily here, but now we both started making
mistake after mistake.} ({Of course not} 32... Qh7 $2 33. Qxh5 Qxh5 34. Rh1)
33. c5 $2 {Objectively the decisive mistake, but without time it is nearly
impossible to defend.} (33. Qf3 Qh7 34. Be3 $1 {is the only way:} (34. Kg1 Rh2)
34... Rh2+ 35. Kg1 Rxb2 {Black should bravely take the pawn, because there is
no way to attack.} (35... Qh3 36. Rd2 {is nothing.}) 36. Bf2 {White has lost a
pawn, but has consolidated and the situation is not entirely clear. Black is
much better, but White is definitely alive.} (36. c5 {loses spectacularly:}
Qh2+ 37. Kf1 Qh3+ 38. Kg1 g5 $3 39. cxd6 g4 $19)) 33... Bxc5 $2 {A very stupid
move, played way too quickly, because I wanted to flag him and thought I would
win every way.} (33... Qh7 {wins on the spot:} 34. Qc4+ Kh8 35. cxd6 (35. Kf3
Rh2 $19) 35... Rh2+ 36. Kf3 Qh5+ 37. Ke3 Qxd1 $19) 34. Bxa5 Qh7 $2 {Incredibly,
this misses the win! It seems logical to keep contact with the rook on e4, but
in fact the f4-pawn is key!} (34... Qh6 $3 {was the way to go:} 35. Kf3 b6 36.
Bb4 (36. Bc3 Rh3 37. Qc4+ Kh8 38. Qe6 Rxf4+ $1 $19 {Again, this motif wins.})
36... Rh2 37. Qc4+ Kh8 38. Re5 (38. Bxc5 Qh5+ 39. Ke3 b5 {wins like in the
game.}) 38... Rxf4+ $1 {This is the point! Now White can't recapture with the
king.} 39. gxf4 Qh3+ 40. Ke4 Qg2+ 41. Kf5 Kh7 $1 {The only way to win.} (41...
Rh5+ $2 {leads to an odd perpetual:} 42. Ke6 Qg4+ 43. Kf7 Rxe5 44. Rh1+ Rh5 45.
Qe4 $1 Qd7+ 46. Kg6 Qg4+ $11) 42. Rxc5 (42. Qf7 Qh3+ 43. Ke4 Re2#) (42. Ke6
Qg4+ 43. Kf7 Qg6#) 42... Qg6+ 43. Ke5 bxc5 44. Bxc5 Re2+ 45. Qxe2 Qe8+ $19) 35.
Kf3 b6 36. Bb4 $2 {It's logical to eliminate the bishop, but this gives Black
another chance, while White would be alive after 36.Bc3.} (36. Bc3 $1 Rh2 (
36... Rh3 37. Qc4+ Kh8 38. Qe6 $11) 37. Qc4+ Kh8 38. Re5 Qh3 (38... Qg6 39. Rd2
Rh3 40. Rg2 Bd6 41. Re4 {, and White seems to be hanging on.}) 39. Rd2 Rh1 40.
Rg5 Rf1+ 41. Ke2 {, and White has survived the complications.}) 36... Rh2 $2 {
Missing it again.} (36... Bxb4 {wins in every line:} 37. Qc4+ (37. Rxb4 Rh2 38.
Qe6+ (38. Qe5 Qc2 $19) 38... Kh8 {, and White's king is too weak.}) 37... Rd5
38. Re5 (38. Rxd5 cxd5 39. Qxd5+ Kh8 40. Rxb4 Qh1+ $19) 38... Be7 $1 (38... Bd6
39. Rdxd5 Qh1+ 40. Kg4 cxd5 41. Rxd5 Rf7 42. Rf5 Qd1+ 43. Kh3 Qh1+ $11) 39.
Rdxd5 (39. Rxe7 Qh5+ 40. g4 Qh3+ $19) 39... Qh1+ 40. Kg4 cxd5 41. Rxd5 Rf7 42.
Rf5 Bf6 $19) 37. Qc4+ Kh8 38. Re5 $1 {I missed this move, which saves the game.
A great resource by Maxime, found with only seconds on his clock!} (38. Bxc5 $2
Qh5+ 39. Ke3 b5 $1 {chases the queen either from defence of e2 or from defence
of the c5-bishop, and wins.}) 38... Rf2+ 39. Kg4 R8xf4+ {I had already gotten
low on time myself, so I decided to just force a draw.} 40. gxf4 Rg2+ 41. Kf3
Qh3+ 42. Ke4 Qe3+ 43. Kf5 Qh3+ 44. Ke4 {A crazy, random game for the first
round! It wasn't well played by either of us, but at least it was
entertaining! Considering our erratic play in this game, you would expect some
further craziness the rest of the tournament, but somehow we both went
undefeated!} 1/2-1/2

[Event "Yerevan op"]
[Site "Yerevan"]
[Date "1996.??.??"]
[Round "8"]
[White "Sveshnikov, Evgeny"]
[Black "Volzhin, Alexander"]
[Result "1/2-1/2"]
[WhiteElo "2565"]
[BlackElo "2485"]
[Annotator "Chekhov,V"]
[PlyCount "56"]
[EventDate "1996.??.??"]
[EventType "swiss"]
[EventRounds "11"]
[EventCountry "ARM"]
[SourceTitle "CBM 052 Extra"]
[Source "ChessBase"]
[SourceDate "1996.07.01"]
[SourceVersion "1"]
[SourceVersionDate "1996.07.01"]
[SourceQuality "1"]

1. e4 e5 2. Nf3 Nc6 3. Bb5 a6 4. Bxc6 dxc6 5. O-O Ne7 6. Nxe5 Qd4 7. Qh5 g6 8.
Nf3 (8. Qg5 $5 Bg7 9. Nd3 f5 10. e5 c5 11. b3 b6 (11... h6 $5) 12. Qe3 Qxa1 13.
Nc3 Bb7 14. Bb2 Qxf1+ 15. Kxf1 $14 {Ivanov,V-Bezgodov,A/Elista(RUS-ch)/1994/
1|0/38/}) 8... Qxe4 9. Qa5 Bg4 10. Re1 Qd5 11. Qc3 $6 {N/} (11. Qxc7 Bxf3 12.
gxf3 Qxf3 13. d3 (13. Qxb7 Qg4+ 14. Kf1 Qh3+ 15. Kg1 Qg4+ $10 {Ljubojevic,
L-Ivanchuk,V/Moscow/1994/0,5/16/}) 13... Qg4+ 14. Qg3 Qxg3+ 15. hxg3 $14 {
Brunner,L-Yilmaz,T/Manila/1992/1|0/52/}) 11... Bxf3 $1 (11... Rg8 $5 12. Qf6
Bxf3 13. gxf3 Qd6 $10) 12. Qxh8 Qg5 13. g3 Qh5 14. Qf6 O-O-O 15. d3 (15. Re3
Nf5 $17) (15. Qf4 Nf5 $17) 15... Bg7 (15... Nf5 16. Nd2 $16) 16. Qxf7 $6 (16.
Qxe7 Qh3 $19) (16. Qf4 g5 $1 17. Qe3 $2 (17. g4 Bxg4 18. Qxg5 Qxg5 19. Bxg5
Bxb2 20. Bxe7 Rg8 21. Nd2 Bh3+ 22. Kh1 $10) 17... Nf5 $19) (16. Qh4 $1 Qxh4 17.
gxh4 Nf5 18. Nd2 Nxh4 $146) 16... Bd5 (16... Rf8 $4 17. Qxg7 $18) 17. Qxe7 (17.
Qf4 Nf5 18. c4 Nd4 19. cxd5 Nf3+ 20. Kf1 Nxe1 21. Kxe1 Re8+ $22 22. Be3 Bxb2
$17) (17. Qxg7 Qf3 18. Kf1 (18. Re4 Bxe4 $19) 18... Qg2+ 19. Ke2 Bf3+ 20. Kd2 (
20. Ke3 Nf5+ $19) 20... Qxf2+ 21. Kc3 Qxe1+ 22. Bd2 Qe6 $17) 17... Qf3 (17...
Qh3 18. Re4 $18) 18. Kf1 (18. Re4 Bd4 19. Be3 Bxe3 20. fxe3 Qd1+ 21. Kg2 Qxc2+
22. Kh3 Bxe4 23. Qxe4 Qxb2 $19) 18... Qg2+ 19. Ke2 Bf3+ 20. Kd2 (20. Ke3 Bh6+
$19) 20... Qxf2+ 21. Re2 Bh6+ (21... Bxe2 $5 22. Qxe2 (22. Qxg7 Bxd3+ 23. Kc3
Qxc2+ $19) 22... Bh6+ 23. Kd1 Qxe2+ 24. Kxe2 Bxc1 $17) 22. Kc3 Qd4+ 23. Kb3
Bd5+ $6 (23... Bxc1 $5 24. Nc3 Qb6+ 25. Qb4 Qxb4+ 26. Kxb4 Bxb2 27. Rae1 Bxe2
$17) 24. c4 Qxd3+ 25. Nc3 Bxc4+ 26. Ka4 (26. Ka3 $4 Bf8 $19) 26... Bb5+ 27. Kb3
Bc4+ 28. Ka4 Bb5+ 1/2-1/2

[Event "Olympiad-32"]
[Site "Yerevan"]
[Date "1996.09.28"]
[Round "12.1"]
[White "Rozentalis, Eduardas"]
[Black "Timman, Jan H"]
[Result "0-1"]
[WhiteElo "2610"]
[BlackElo "2590"]
[Annotator "Chekhov,V"]
[PlyCount "116"]
[EventDate "1996.09.15"]
[EventType "team-swiss"]
[EventRounds "14"]
[EventCountry "ARM"]
[SourceTitle "CBM 055"]
[Source "ChessBase"]
[SourceDate "1996.12.01"]
[SourceVersion "1"]
[SourceVersionDate "1996.12.01"]
[SourceQuality "1"]
[WhiteTeam "Lithuania"]
[BlackTeam "Netherlands"]
[WhiteTeamCountry "LTU"]
[BlackTeamCountry "NED"]

1. e4 e5 2. Nf3 Nc6 3. Bb5 a6 4. Bxc6 dxc6 5. O-O Qd6 6. d3 f6 7. Be3 Be6 8.
Nbd2 Ne7 9. d4 (9. b4 $5 b6 10. Qb1 Ng6 11. c3 Be7 12. a4 O-O 13. a5 c5 14.
axb6 cxb6 15. bxc5 bxc5 16. Nc4 Bxc4 17. dxc4 Qe6 18. Nd2 Rab8 19. Qc2 Rfd8
$132 {Rovid,K-Karpatchev,A/Capelle La Grande/1993/1|0/40/}) 9... exd4 $5 (9...
Ng6 $6 10. c4 exd4 11. Nxd4 Ne5 12. c5 Qd7 13. Nxe6 Qxe6 14. h3 O-O-O 15. Qc2
$14 {Glek,I-Mainka,R/Lippstadt/1992/1|0/38/}) 10. Nxd4 Bf7 11. Qe2 c5 12. N4b3
b6 13. a4 a5 14. Nc4 $6 (14. f4 $5 Nc6 15. e5 fxe5 16. fxe5 Qe6 (16... Nxe5 17.
Bf4 $18) (16... Qxe5 17. Rae1 $36) 17. Nf3 Be7 18. Bg5 O-O 19. Bxe7 Qxe7 20.
Qe4 Nb4 $132) 14... Qc6 15. Nbd2 g6 16. Bf4 Bg7 17. Ne3 O-O-O $1 (17... O-O 18.
Rfd1 Rad8 19. f3 Rfe8 20. Qf2 $132) 18. Rad1 Rhe8 19. b3 g5 20. Bg3 Bg6 21. f4
(21. f3 f5 22. exf5 Nxf5 23. Qa6+ Qb7 24. Qxb7+ Kxb7 25. Nxf5 Bxf5 26. Ne4 Bd4+
27. Kh1 g4 $36) 21... gxf4 22. Bxf4 Kb7 (22... Bxe4 $6 23. Nxe4 Qxe4 24. Qg4+
$18) 23. Qf3 Rd4 $17 24. Nec4 f5 (24... Bxe4 25. Nxe4 Rxe4 (25... Qxe4 26.
Qxe4+ Rxe4 27. Rd7 $36) 26. Nd6+ (26. Rd6 $5) 26... cxd6 27. Rxd6 Rxf4 28. Qxf4
Qc7 (28... Ng6 29. Qd2 Bh6 30. Rxc6 Bxd2 31. Rfxf6 $132) 29. Rfd1 $132) 25. Be5
(25. exf5 Nxf5 $36) 25... fxe4 26. Qe2 Bxe5 27. Nxe5 Qe6 28. Ndc4 Nd5 29. Rde1
e3 30. g3 (30. Qf3 Be4 $17) 30... Re4 31. Nxg6 hxg6 32. Qf3 Kb8 33. Qf7 e2 34.
Rf3 Qxf7 35. Rxf7 Nb4 36. Na3 c4 37. Rf3 (37. bxc4 Re3 $19) 37... cxb3 38. Rxb3
(38. cxb3 Re3 39. Kg2 Nd3 $19) 38... Re3 39. Rxe3 Rxe3 40. Nc4 Rc3 41. Ne5 Rxc2
42. Kf2 b5 43. axb5 (43. Rxe2 bxa4 44. Rxc2 Nxc2 45. Nc4 a3 $19) 43... a4 44.
Ra1 Na2 45. h4 Nc3 46. Nd3 (46. Nxg6 a3 47. h5 a2 48. h6 Ne4+ 49. Ke1 Ng5 50.
Ne5 Rb2 $19) 46... Rd2 47. Ne1 Rd4 48. Rc1 (48. Kf3 $5) 48... Ne4+ 49. Kxe2
Nxg3+ 50. Kf3 Nf5 51. h5 gxh5 52. Rc5 Nd6 53. Rxh5 a3 54. Nc2 Rc4 55. Rh2 Rc3+
56. Kf4 Nxb5 57. Ke4 Kb7 58. Ne3 c6 0-1

[Event "SWE-ch"]
[Site "Helsingborg"]
[Date "1991.??.??"]
[Round "8"]
[White "Brynell, Stellan"]
[Black "Barkhagen, Jonas"]
[Result "1-0"]
[WhiteElo "2390"]
[BlackElo "2340"]
[Annotator "ChessBase"]
[PlyCount "63"]
[EventDate "1991.??.??"]
[EventType "tourn"]
[EventRounds "15"]
[EventCountry "SWE"]
[EventCategory "4"]
[SourceTitle "TD"]
[Source "ChessBase"]
[SourceDate "1994.03.01"]
[SourceVersion "1"]
[SourceVersionDate "1994.03.01"]
[SourceQuality "1"]

1. e4 e5 2. Nf3 Nc6 3. Bb5 a6 4. Bxc6 dxc6 5. O-O Qd6 6. Na3 Be6 7. Ng5 Bd7 8.
Nc4 Qg6 9. d4 f6 10. f4 exf4 (10... fxg5 11. Nxe5 Qe6 12. fxg5 {Med komp}) 11.
Nf3 (11. Bxf4 fxg5 (11... b5 $1) 12. Bxc7) 11... O-O-O (11... Qf7 12. b3 g5 $15
) 12. Bxf4 Qxe4 13. Qd2 g5 $2 14. Bxc7 Kxc7 15. Qa5+ Kc8 16. Nb6+ Kb8 17. Rae1
Qg4 (17... Qg6 18. Ne5 fxe5 19. Rxf8 (19. Qxe5+)) 18. h3 Qh5 19. Ne5 Be8 (19...
Bxh3 20. Nxc6+ bxc6 21. Qxa6 $16) 20. Nbd7+ Kc8 (20... Rxd7 21. Nxd7+ Bxd7 22.
Qd8+ Ka7 23. Qxd7) 21. Nb6+ Kb8 22. Nbd7+ Kc8 23. Nxf8 Bf7 (23... fxe5 24. Ne6
Rd7 25. Rf8 {Och svart är patt.}) 24. Nxc6 Rxf8 (24... bxc6 25. Qxa6+ Kc7 26.
Ne6+ Bxe6 27. Rxe6) 25. Qc5 Qh6 (25... Re8 26. Ne5+ Kb8 27. Nd7+ Ka8 28. Rxe8+
Bxe8 29. Qc8+ Ka7 30. Qb8#) 26. Ne7+ Kb8 27. Nf5 Bg6 28. Nxh6 Nxh6 29. Re7 Ka8
30. Qb6 Rb8 31. Rxf6 Ng8 32. Qxa6+ 1-0

[Event "Nikolaev zt"]
[Site "Nikolaev"]
[Date "1995.??.??"]
[Round "1"]
[White "Kochetkov, German"]
[Black "Onischuk, Alexander"]
[Result "1/2-1/2"]
[WhiteElo "2465"]
[BlackElo "2590"]
[Annotator "Dolmatov,S"]
[PlyCount "67"]
[EventDate "1995.03.??"]
[EventType "swiss"]
[EventRounds "11"]
[EventCountry "UKR"]
[SourceTitle "CBM 047"]
[Source "ChessBase"]
[SourceDate "1995.08.01"]
[SourceVersion "1"]
[SourceVersionDate "1995.08.01"]
[SourceQuality "1"]

1. e4 e5 2. Nf3 Nc6 3. Bb5 a6 4. Bxc6 dxc6 5. O-O Qd6 6. d4 exd4 7. Nxd4 Qg6 (
7... Bd7 8. Be3 O-O-O 9. Nd2 Nh6 10. h3 Qg6 11. Qf3 $14) 8. Nc3 Bc5 (8... Bg4
$6 9. f3 O-O-O 10. fxg4 c5 11. Qf3 cxd4 12. Nd5 $16) 9. Be3 Ne7 10. Kh1 (10. f4
$5 Bg4 11. Qe1 (11. f5 Qf6 12. Qxg4 Bxd4 13. Bxd4 Qxd4+ 14. Kh1 $16) 11...
O-O-O 12. Qf2 $16) 10... Bg4 11. Qe1 (11. f3 O-O-O 12. fxg4 Bxd4 13. Bxd4 c5
14. Nd5 Nxd5 15. exd5 Rxd5 $10) 11... Rd8 (11... O-O-O $5 12. Nb3 (12. Nf5 $6
Nxf5 13. Bxc5 Nh4 $40) 12... Bxe3 13. Qxe3 $14) 12. Nf5 Bb4 $8 (12... Nxf5 $2
13. exf5 $18) (12... Bxe3 $2 13. Nxe7 $16) 13. Nh4 Qf6 14. f4 Ng6 (14... O-O
15. f5 $16) 15. Nf5 O-O 16. Ng3 Rfe8 17. Qf2 h5 $1 (17... Bxc3 $2 18. bxc3 Qxc3
19. f5 Ne5 20. h3 $16) (17... Bc8 18. f5 Ne5 19. Nh5 Qd6 20. Qg3 $40) 18. e5
Qe7 19. h3 h4 20. hxg4 hxg3 21. Qxg3 Bxc3 22. bxc3 Qa3 23. Bg1 (23. e6 $5 Qxc3
$5 (23... Rxe6 $2 24. f5 $18) (23... fxe6 $6 24. f5 exf5 25. gxf5 Qxc3 26. Qxg6
Rxe3 27. f6 $40) 24. f5 Ne5 $13) 23... Rd2 24. Rae1 Rxc2 25. Rf3 Qe7 26. g5 (
26. f5 Qh4+ 27. Bh2 Qxg3 28. Bxg3 Ne7 $132) 26... Rxa2 27. f5 Nxe5 28. f6 Qe6
29. Rfe3 $10 Ra5 30. Bh2 Qf5 31. Rxe5 (31. g6 $2 gxf6) 31... Raxe5 32. Rxe5
Qb1+ 33. Bg1 Qh7+ 34. Bh2 1/2-1/2

[Event "Tilburg"]
[Site "Tilburg"]
[Date "1994.??.??"]
[Round "1"]
[White "Luther, Thomas"]
[Black "Krasenkow, Michal"]
[Result "1-0"]
[WhiteElo "2510"]
[BlackElo "2595"]
[Annotator "Donev,I"]
[PlyCount "61"]
[EventDate "1994.09.??"]
[EventType "k.o."]
[EventRounds "7"]
[EventCountry "NED"]
[SourceTitle "CBM 044"]
[Source "ChessBase"]
[SourceDate "1995.02.01"]
[SourceVersion "1"]
[SourceVersionDate "1995.02.01"]
[SourceQuality "1"]

1. e4 e5 2. Nf3 Nc6 3. Bb5 a6 4. Bxc6 bxc6 5. O-O Qf6 (5... d6 6. d4 f6 {
Führt zur Verbesserten Steinitzvariante in der Spanischen Partie, aber mit
einem Mehrtempo für Weiß!} 7. Nc3 $14) 6. d4 exd4 7. Nxd4 (7. Qxd4 Bb7 8. e5
Qg6 9. Rd1 O-O-O 10. Qd3 Ne7 11. Ng5 $1 $14 {Lasarov,A-Donev,I Plovdiv 1988})
7... Bb7 8. Nc3 O-O-O 9. Rb1 Ne7 10. b4 d5 $6 {Schwächt das wichtige Feld c5
ab, das vom weißen Springer als starkes Feld benützt wird.} (10... Ng6 $142)
11. Be3 $32 $16 Qg6 12. e5 Nf5 13. Nxf5 Qxf5 14. Bd4 h5 15. Na4 Rh6 16. Re1 Rg6
17. Rb3 a5 $6 (17... Qg4 $5 18. Qxg4+ Rxg4 19. Bc5 a5 20. a3 axb4 21. axb4 Ba6
$14) (17... h4 18. Bc5 Qg5 19. Qf3 Qd2 20. Qf5+ Kb8 21. Rbe3 $14 {/\22.Qf7})
18. Bc5 $1 Qg4 19. Rg3 (19. Qxg4+ $6 Rxg4 $1 20. a3 axb4 21. axb4 Rc4 22. c3
Re4 $132) 19... Qc4 20. Rxg6 fxg6 21. a3 axb4 22. axb4 Bxc5 23. Nxc5 Qxb4 24.
Nd3 Qc3 {Weiß steht klar besser: Er hat 1. einen starken Springervorposten auf
c5. 2. den starken Freibauern e5. 3. die offene a und b-Linie gegen den
schwarzen König.} 25. e6 Ba6 (25... Re8 26. Qf3 Qf6 27. Nc5 Qxf3 28. gxf3 Ba8
29. Ra1 Kb8 30. f4 $1 $18 {/\Kg2-Kg3-Kh4-Kg5-Kg6-Kf7 mit dem entscheidenden
Eindringen des weißen Königs. Schwarz hat keine Mittel gegen diesen Plan, weil
der Läufer a8 wegen der Fesselung Rb1 nicht ziehen darf. Der König ist zum
Feld b8 gebunden, weil er den Ba8 decken muß. Der Turm e8 darf die f-Linie
wegen der Springergabel Nd7 nicht besetzen.}) 26. Qa1 $16 Qxa1 27. Rxa1 Kb7 (
27... Bb7 28. Nc5 d4 29. Ra7 (29. f4 {Gewinnt auch leicht.} Rd5 30. e7 $18)
29... Rd5 30. Nxb7 Kb8 31. Ra5 $1 $18) 28. Nc5+ $18 Kb6 29. Nxa6 c5 {Schwarz
versucht, den Na6 zu fangen?} 30. Nb8 c4 (30... Rxb8 31. Rb1+ Ka7 32. Rxb8 Kxb8
33. e7 $18) 31. Nd7+ 1-0